000 00751nam a2200253 a 4500
008
020 _a0750619376 (pbk.)
049 _aMAIN
090 _aHD30.28
100 1 _aEgan, Colin.
245 1 0 _aCreating organizational advantage /
_cColin Egan.
260 _aOxford :
_bButterworth-Heinemann,
_c1995.
300 _axv, 200 p. :
_bill. ;
_c24 cm.
504 _aIncludes bibliographical references :p. 184-194.
500 _aIncludes index.
650 0 _aStrategic planning.
650 0 _aOrganizational effectiveness.
650 0 _aOrganizational change.
907 _a.b10050516
_b12-07-03
_c17-04-03
003
005 20230123133223.0
040 _cNUST
942 _cBOOKS
_kHD30.28
999 _c144839
_d144839